000 00544nam a22001577a 4500
003 LC
005 20151202112356.0
008 151202b xxu||||| |||| 00| 0 eng d
020 _a9788477116592
050 _aPC 4117 .H556 2013
100 _aHermoso, Alfredo Gonzalez
245 _aECO A1+A2 libro del alumno :
_bcurso modular de espanol lengua extranjera
_cAlfredo Gonzalez Hermoso, Carlos Romero Duenas
260 _aMadrid : Spain
_bEdelsa Grupo Didascalia, S.A
_c2013
300 _a189 pages.,
_bcol.,ill.;
_c27 cm.
942 _2lcc
_cBK
999 _c288999
_d288999